书目信息 |
| 题名: |
军事技术运筹学基础
|
|
| 作者: | 楚耶夫 著 ;冷拓键 , 链晏傅 译 | |
| 分册: | ||
| 出版信息: | 北京 国防工业出版社 1976 |
|
| 页数: | 510页 | |
| 开本: | 20cm | |
| 丛书名: | ||
| 单 册: | ||
| 中图分类: | E911 | |
| 科图分类: | ||
| 主题词: | 军事运筹学 | |
| 电子资源: | ||
| ISBN: | ||
| 000 | 00764nam0 2200253 45 | |
| 001 | 0176002254 | |
| 005 | 20060731165226.87 | |
| 010 | @dCNY2.00 | |
| 091 | @a15034.1451 | |
| 100 | @a19951015d1976 em y0chiy0121 ea | |
| 101 | 1 | @achi@crus |
| 102 | @aCN@b110000 | |
| 105 | @ay z 000yy | |
| 200 | 10 | @a军事技术运筹学基础@Ajun shi ji shu yun chou xue ji chu@f(苏)Ю·В·楚耶夫等著@F(su)Ю·В·chu ye fu deng zhu@g冷拓键,链晏傅译 |
| 210 | @a北京@c国防工业出版社@d1976 | |
| 215 | @a510页@d20cm | |
| 606 | @a军事运筹学 | |
| 690 | @aE911@v3 | |
| 701 | 1 | @a楚耶夫@Achu ye fu@bЮ.В.@4著 |
| 702 | 0 | @a冷拓键@Aleng tuo jian@4译 |
| 702 | 0 | @a链晏傅@Alian yan fu@4译 |
| 801 | 0 | @aCN@b广东省中山图书馆@c20060731 |
| 801 | 2 | @aCN@bNLC@c20060522 |
| 905 | @dE911@e1 | |
| 军事技术运筹学基础/(苏)Ю·В·楚耶夫等著/冷拓键,链晏傅译.-北京:国防工业出版社,1976 |
| 510页;20cm |
| ISBN :CNY2.00 |
| ● |
| 相关链接 |
|
|
|
|
正题名:军事技术运筹学基础
索取号:E911/1
 
预约/预借
| 序号 | 登录号 | 条形码 | 馆藏地/架位号 | 状态 | 备注 |
| 1 | 0032974 | 001263876 | 第一样本阅览室/ [索取号:E911/1] | 在馆 | |
| 2 | 0032975 | 202362497 | 密集书库/ [索取号:E911/1] | 在馆 | |
| 3 | 0441029 | 204410299 | 密集书库/ [索取号:E911/1] | 在馆 | |
| 4 | 0441074 | 204410743 | 密集书库/ [索取号:E911/1] | 在馆 |